Osobitosti finančnej analýzy v skupine podnikov (holdingu) habilitačná prednáška : odbor 62-90-9 Podnikový manažment

Gespeichert in:
Bibliographische Detailangaben
1. Verfasser: Šnircová, Jana, 1971-
Körperschaft: Ekonomická univerzita v Bratislave. Fakulta podnikového manažmentu
Weitere Verfasser: Vlachynský, Karol
Format: Buch
Sprache:Slowakisch
Veröffentlicht: Bratislava Ekonomická univerzita v Bratislave 2005
Schriftenreihe:Habilitačné a inauguračné prednášky
Schlagworte:
Tags: Tag hinzufügen
Keine Tags, Fügen Sie das erste Tag hinzu!

MARC

LEADER 00000nam$a2200000$$$4500
001 0041648
005 20240318125714.0
041 0 |a slo 
044 |a SK 
245 1 0 |a Osobitosti finančnej analýzy v skupine podnikov (holdingu)  |b habilitačná prednáška : odbor 62-90-9 Podnikový manažment  |c Jana Šnircová ; oponenti: Karol Vlachynský ... [et al.] 
264 1 |a Bratislava  |b Ekonomická univerzita v Bratislave  |c 2005 
300 |a 37 s. 
490 1 |a Habilitačné a inauguračné prednášky 
830 0 |a Habilitačné a inauguračné prednášky 
610 2 0 |a analýza finančná 
610 2 0 |a holding 
610 2 0 |a korporácie transnacionálne 
610 2 0 |a podnik multinacionálny 
610 2 0 |a zdroje informácií 
610 2 0 |a metódy 
100 1 |a Šnircová, Jana, 1971- 
700 1 |a Vlachynský, Karol 
710 2 |a Ekonomická univerzita v Bratislave. Fakulta podnikového manažmentu